Tatra, Matra, Fatra hory sú našim osudom

Bibliographic Details
Main Author: Mikláš, Milan (Author)
Format: eBook
Language:Slovak
PhysicalDescription:140 strán fotografie 22 cm
Published: Žilina Georg [2020]
ISBN:9788081542916
Edition:Vydanie prvé
Subjects:

MARC

LEADER 00000cam a2200000 4500
001 vtls012270282
003 SK-MaSNL
005 20260301205935.0
008 250130s2020 xo o gon 000 0 slo
015 |a SNBA2025/6 
020 |a 9788081542916  |q (viazané) 
040 |a SNK  |b slo  |c SNK  |e rda 
041 0 |a slo 
044 |a xo  |c SK 
072 7 |a 796  |x Šport. Hry. Telesné cvičenia  |2 konspekt 
080 |a 796.5  |2 2011 
080 |a 796.5(091)  |2 2001 
080 |a (0:82-94)  |2 2011 
100 1 |a Mikláš, Milan  |4 aut  |9 413318 
245 1 0 |a Tatra, Matra, Fatra  |b hory sú našim osudom  |c Milan Mikláš 
250 |a Vydanie prvé 
264 1 |a Žilina  |b Georg  |c [2020] 
300 |a 140 strán  |b fotografie  |c 22 cm 
336 |a text  |b txt  |2 rdacontent 
336 |a statický obraz  |b sti  |2 rdacontent 
337 |a bez média  |b n  |2 rdamedia 
338 |a zväzok  |b nc  |2 rdacarrier 
500 |a Rod vydania podľa NA ISBN 
504 |a Obsahuje bibliografiu na strane 139 
650 0 7 |a turistika  |2 SNKPH  |9 683 
650 0 7 |a dejiny turistiky  |2 SNKPH  |9 72656 
650 0 7 |a Touring  |2 SNKPHeng  |9 274113 
650 0 7 |a History of tourism  |2 SNKPHeng  |9 352042 
655 7 |a spomienky  |2 SNKPHeng  |9 29509 
655 7 |a Reminiscences  |2 SNKPHeng  |9 93477 
852 |a Slovenská národná knižnica 
919 |a 978-80-8154-291-6 
954 |a iná literatúra (príručky, kuchárske knihy, hobby literatúra, sprievodcovia) pôvodná (slovenská)  |2 lita 
958 |a NB 
999 |c 911968  |d 913898 
952 |a SNK  |b SNK  |y PREZ  |7 0  |p 17A1563991  |o snkSC 209081  |i snk2025/1488  |8 0  |0 0  |1 0  |4 0  |d 2025-01-30  |f 1  |l 0  |r 2025-11-03 00:00:00  |w 2026-02-24 
952 |a SNK  |b SNK  |y VYP  |7 0  |p 17A1563992  |o snkSC 209081 D1  |i snk2025/1489  |8 0  |0 0  |1 0  |4 0  |d 2025-01-30  |l 0  |r 2026-02-24 07:47:08  |w 2026-02-24